000 00841nam1a22002891 4500
001 v19\rc\2000688
005 20251118181303.1
035 _a(NLR Aleph) 005076220
090 _a7148112
_c7148112
100 _a20080811d1915 u y0rusy50 ca
101 0 _arus
102 _aRU
105 _ay z |||||
200 1 _aКурс дентиатрии
_eПо лекциям д-ра Б. Дзержавского
205 _aИзд. испр. и доп. Ч. 1-
210 _aОдесса
_cТипо-лит. "Конкордия"
_d1915
215 _d25
700 1 _aДзержавский
_bБ.
801 0 _aRU
_bNLR
_gpsbo
801 0 _aRU
_bRuMoRGB
_2psbo
801 1 _aRU
_bProSoft-M
_2rusmarc
852 _aNLR
_j37.48.5.24
899 _aRuMoRGB
_jV 58/307
899 _aRuMoRGB
_jФ 1-63/6901
899 _aБАН
942 _cBOOK
980 _aNB